[Event "Indywidualne Mistrzostwa Polski Juniorow Mlodszych do 14 lat OOM Podlaskie 2015 "]
[Site "Suwalki"]
[Date "1899-12-30"]
[Round "7.3"]
[White "Kosakowski, Jakub"]
[Black "Wyczling, Bartosz"]
[Result "1-0"]
[WhiteTitle "k"]
[BlackTitle "I"]
[WhiteElo "2186"]
[BlackElo "1926"]

1. e4 e5 2. Nf3 Nc6 3. Bb5 f5 4. d3 fxe4 5. dxe4 Nf6 6. O-O Bc5 7. Qd3 d6 8. Qc4
Qe7 9. Nc3 a6 10. Bxc6+ bxc6 11. Be3 Nd7 12. Na4 Bxe3 13. Qxc6 Ra7 14. fxe3 O-O
15. Qc4+ Kh8 16. Nc3 Nb6 17. Qe2 Be6 18. b3 Raa8 19. Rad1 Bg4 20. a4 a5 21. Rf2
c6 22. Rdf1 Rf6 23. Qd2 Nd7 24. Ne2 Nc5 25. Ng3 h6 26. Ne1 h5 27. Rxf6 gxf6 28.
Qf2 Rf8 29. Nd3 Nxd3 30. cxd3 Qf7 31. h3 Bd7 32. Qe2 Be8 33. Rf5 Rg8 34. Rxh5+
Kg7 35. Nf5+ Kf8 36. Rh4 Qxb3 37. Nxd6 Qxa4 38. Qf3 Qa1+ 39. Kh2 Ke7 40. Nxe8
Rxe8 41. Rh7+ Kd6 42. Qxf6+ Kc5 43. Rh6 Qa4 44. Qd6+ Kb6 45. d4 exd4 46. exd4
Qb5 47. d5 Rc8 48. Qd7 Rc7 49. Qd8 Kb7 50. Rh8 Qb6 1-0

[Event "Indywidualne Mistrzostwa Polski Juniorow Mlodszych do 14 lat OOM Podlaskie 2015 "]
[Site "Suwalki"]
[Date "1899-12-30"]
[Round "7.4"]
[White "Woloch, Oskar"]
[Black "Lis, Mateusz"]
[Result "1-0"]
[WhiteTitle "k"]
[BlackTitle "I"]
[WhiteElo "2110"]
[BlackElo "1926"]

1. d4 Nf6 2. Nf3 g6 3. Bg5 Bg7 4. Nbd2 O-O 5. e4 d5 6. e5 Ne4 7. Bh4 c5 8. c3 cxd4
9. cxd4 Nc6 10. Bb5 Bd7 11. Bxc6 Bxc6 12. O-O Re8 13. Qb3 Qa5 14. Rfd1 Rad8 15.
a4 Qc7 16. Qa3 a5 17. Ne1 f6 18. exf6 exf6 19. Qd3 Kh8 20. Nf1 Qd7 21. b3 b5 22.
f3 Nd6 23. Qc2 bxa4 24. bxa4 Nc4 25. Nd3 Qf5 26. Bf2 g5 27. Re1 h6 28. Ne3 Nxe3
29. Bxe3 Bd7 30. Qd2 Bf8 31. Red1 Bb4 32. Qf2 Bc3 33. Ra3 Bb4 34. Ra2 Bc6 35.
g3 Qd7 36. Rda1 Qe7 37. Bd2 Bxd2 38. Rxd2 Qe3 39. Qxe3 Rxe3 40. Kf2 Rde8 41. Raa2
Kg7 42. g4 Kh7 43. Nc5 Rc3 44. Rdc2 Rc4 45. Rxc4 dxc4 46. Rb2 c3 47. Rc2 Rd8 48.
Ke3 Re8+ 49. Kf2 Rd8 50. Ke3 Re8+ 51. Ne4 Bxa4 52. Rxc3 Kg6 53. Ra3 Bd1 54. Rxa5
h5 55. gxh5+ Kh6 56. Ra6 Kg7 57. Ra7+ Kh6 58. Rf7 Kxh5 59. Rxf6 g4 60. fxg4+ Kxg4
61. Rg6+ Kh3 62. Rh6+ Kg2 63. Kf4 Bc2 64. Nf6 Re1 65. d5 Ba4 66. Ne4 Bc2 67. Nf6
Ba4 68. Kf5 Bc2+ 69. Kf4 Ba4 70. h4 Bc2 71. h5 Ba4 72. Rg6+ Kf2 73. Ne4+ Ke2 74.
Rg2+ Kd3 75. Nc5+ Kd4 76. Nxa4 Kxd5 77. Nc3+ Kd4 78. Ne2+ Kd3 79. Ng3 1-0

[Event "Indywidualne Mistrzostwa Polski Juniorow Mlodszych do 14 lat OOM Podlaskie 2015 "]
[Site "Suwalki"]
[Date "1899-12-30"]
[Round "7.5"]
[White "Nowak, Mikolaj"]
[Black "Poplawski, Maciej"]
[Result "1-0"]
[WhiteTitle "I"]
[BlackTitle "I"]
[WhiteElo "1939"]
[BlackElo "1737"]

1. e4 Nc6 2. Nc3 d6 3. f4 Nf6 4. d4 e5 5. d5 Ne7 6. fxe5 dxe5 7. Nf3 Bg4 8. Bg5
c6 9. h3 Bxf3 10. Qxf3 Ng6 11. O-O-O Bd6 12. dxc6 bxc6 13. Bc4 Qe7 14. Ne2 O-O
15. Ng3 Rab8 16. Bb3 Bc5 17. Nf5 Qc7 18. Nxg7 Nxe4 19. Bh6 Nd6 20. Nh5 Rfd8 21.
Rhf1 Rxb3 22. Qf6 1-0

[Event "Indywidualne Mistrzostwa Polski Juniorow Mlodszych do 14 lat OOM Podlaskie 2015 "]
[Site "Suwalki"]
[Date "1899-12-30"]
[Round "7.6"]
[White "Raczynski, Krzysztof"]
[Black "Lukasiewicz, Krzysztof"]
[Result "0-1"]
[WhiteTitle "I+"]
[BlackTitle "I++"]
[WhiteElo "1758"]
[BlackElo "2079"]

1. e4 c6 2. d4 d5 3. Nd2 dxe4 4. Nxe4 Nd7 5. Nf3 Ngf6 6. Ng3 g6 7. Bc4 Bg7 8. O-O
O-O 9. c3 Nb6 10. Bb3 a5 11. a3 a4 12. Ba2 Qc7 13. h3 c5 14. dxc5 Nbd7 15. Be3
Nxc5 16. Bxc5 Qxc5 17. Qd4 Qxd4 18. Nxd4 b6 19. Nc6 e6 20. Ne7+ Kh8 21. Nxc8 Raxc8
22. Rad1 Rfd8 23. f3 Kg8 24. Kf2 Kf8 25. Ke2 Ke7 26. Rd3 Rxd3 27. Kxd3 Nd7 28.
Ne4 Ne5+ 29. Kc2 h6 30. Rd1 Nc4 31. Bxc4 Rxc4 32. b3 axb3+ 33. Kxb3 Rc6 34. c4
f5 35. Nf2 Rd6 36. Rd3 Bd4 37. Rd2 e5 38. Re2 Kf6 39. Nd3 g5 40. Nb4 Re6 41. Nd5+
Kg6 42. g4 fxg4 43. fxg4 Re8 44. Ne3 Rf8 45. Nf5 Rxf5 46. gxf5+ Kxf5 47. a4 Kf4
48. Rd2 Kg3 49. Rg2+ Kf3 50. Rd2 h5 51. Rd3+ Ke4 52. Rg3 Kf4 53. Rd3 g4 54. hxg4
hxg4 55. Rd2 g3 56. Kc2 Kf3 57. Kd3 g2 58. Rxg2 Kxg2 59. Ke4 Kf2 60. c5 bxc5 0-1

[Event "Indywidualne Mistrzostwa Polski Juniorow Mlodszych do 14 lat OOM Podlaskie 2015 "]
[Site "Suwalki"]
[Date "1899-12-30"]
[Round "7.7"]
[White "Sernecki, Franciszek"]
[Black "Garbowski, Jakub"]
[Result "1/2-1/2"]
[WhiteTitle "I"]
[BlackTitle "I+"]
[WhiteElo "1998"]
[BlackElo "1964"]

1. d4 Nf6 2. Nf3 g6 3. c4 Bg7 4. Nc3 d5 5. Bg5 Ne4 6. cxd5 Nxg5 7. Nxg5 e6 8. Qd2
h6 9. Nh3 exd5 10. Nf4 c6 11. e3 Nd7 12. Bd3 Nf6 13. O-O O-O 14. Rac1 Qd6 15.
Rfe1 Re8 16. a3 Ne4 17. Bxe4 dxe4 18. Qc2 f5 19. Na4 Kh7 20. Qc5 Qf6 21. Qa5 Be6
22. Nxe6 Qxe6 23. Nc5 Qe7 24. Qd2 Red8 25. b4 Rac8 26. Qa2 Rd5 27. Na4 Rdd8 28.
Nc5 Rd5 29. Na4 Rdd8 30. Nc5 Rd5 31. Na4 Rdd8 32. Nc5 1/2-1/2

[Event "Indywidualne Mistrzostwa Polski Juniorow Mlodszych do 14 lat OOM Podlaskie 2015 "]
[Site "Suwalki"]
[Date "1899-12-30"]
[Round "7.8"]
[White "Kubiak, Jakub"]
[Black "Pacan-milej, Kosma"]
[Result "1-0"]
[WhiteTitle "I"]
[BlackTitle "I"]
[WhiteElo "1753"]
[BlackElo "1842"]

1. e4 e6 2. d4 d5 3. Nd2 c5 4. Ngf3 Nc6 5. Bb5 cxd4 6. Nxd4 Bd7 7. Nxc6 bxc6 8.
Bd3 Bd6 9. Qe2 e5 10. O-O Ne7 11. f4 exf4 12. exd5 cxd5 13. Nb3 Qc7 14. Qf3 g5
15. Bd2 g4 16. Qf2 f3 17. Qh4 fxg2 18. Kxg2 Be5 19. Rae1 h5 20. Bb4 Nc6 21. Bc3
Rh6 22. Qg5 Re6 23. Qg8+ Ke7 24. Rxf7+ Kd6 25. Qxa8 Re8 26. Bxe5+ Nxe5 27. Qxe8
1-0

[Event "Indywidualne Mistrzostwa Polski Juniorow Mlodszych do 14 lat OOM Podlaskie 2015 "]
[Site "Suwalki"]
[Date "1899-12-30"]
[Round "7.9"]
[White "Leskiewicz, Ignacy"]
[Black "Wierzbicki, Michal"]
[Result "1/2-1/2"]
[WhiteTitle "I"]
[BlackTitle "I"]
[WhiteElo "1692"]
[BlackElo "1687"]

1. e4 e6 2. d4 d5 3. Nd2 Nc6 4. Ngf3 Nf6 5. e5 Nd7 6. Bd3 f6 7. Ng5 Ndxe5 8. dxe5
fxg5 9. Qh5+ Kd7 10. Nf3 Be7 11. O-O Qe8 12. Qg4 h6 13. Qa4 Kd8 14. c4 Nb4 15.
Qb3 Nxd3 16. Qxd3 c6 17. Nd4 Bc5 18. Be3 Bxd4 19. Bxd4 Qf7 20. Qe3 b6 21. c5 b5
22. a4 Ba6 23. Qd2 Qe7 24. Qd3 Rf8 25. a5 Qf7 26. b4 Kd7 27. g3 Qf3 28. Ra3 Qxd3
29. Rxd3 Rf5 30. f4 Raf8 31. Rdf3 g6 32. Kg2 g4 33. R3f2 Rh5 34. Be3 Rff5 35.
Bd4 Rh3 36. Be3 Rfh5 37. Rh1 Rf5 38. Rhf1 Rfh5 39. Rh1 Rf5 40. Rhf1 Rfh5 41. Rh1
1/2-1/2

[Event "Indywidualne Mistrzostwa Polski Juniorow Mlodszych do 14 lat OOM Podlaskie 2015 "]
[Site "Suwalki"]
[Date "1899-12-30"]
[Round "7.10"]
[White "Polczyk, Mikolaj"]
[Black "Godzwon, Iwo"]
[Result "1/2-1/2"]
[WhiteTitle "I"]
[BlackTitle "I"]
[WhiteElo "1571"]
[BlackElo "1801"]

1. Nc3 c5 2. Nf3 e6 3. d4 cxd4 4. Nxd4 Nf6 5. e4 d6 6. Be2 a6 7. O-O Qc7 8. Be3
b5 9. f3 Bb7 10. a4 b4 11. Na2 d5 12. exd5 Nxd5 13. Bf2 Bd6 14. h3 Nd7 15. Bd3
O-O 16. Nc1 N7f6 17. Nce2 Rfd8 18. Qd2 Rac8 19. Rfd1 Nh5 20. Qe1 Nhf4 21. Nxf4
Bxf4 22. Be4 Bd6 23. Rd2 Nb6 24. Nxe6 fxe6 25. Bxb7 Rb8 26. Qxe6+ Kh8 27. Rad1
Nc4 28. Rd4 Rxb7 29. b3 Nb2 30. R1d2 Rb6 31. Bg3 Bc5 32. Bxc7 Rxe6 33. Bxd8 Rd6
34. Kf1 Rxd4 35. Ke2 Rxd2+ 36. Kxd2 Bd4 37. Be7 Bc3+ 38. Kc1 Kg8 39. Bxb4 Bxb4
40. Kxb2 a5 41. c3 Bd6 42. Kc2 Kf7 43. Kd3 Ke7 44. Kc4 Kd7 45. Kb5 Bc7 46. b4
Kc8 47. Kc6 Be5 48. Kb5 Bxc3 49. Kxa5 Kc7 50. Kb5 Kb7 51. f4 Bd2 52. f5 Bg5 53.
g4 Be7 54. Kc4 Ka6 55. Kd5 Bxb4 56. Ke6 h6 57. h4 Ka5 58. g5 hxg5 59. hxg5 Kxa4
60. f6 gxf6 61. g6 Bf8 62. Kxf6 1/2-1/2

[Event "Indywidualne Mistrzostwa Polski Juniorow Mlodszych do 14 lat OOM Podlaskie 2015 "]
[Site "Suwalki"]
[Date "1899-12-30"]
[Round "7.11"]
[White "Ochowicz, Jakub"]
[Black "Butyrowski, Marcel"]
[Result "1-0"]
[WhiteTitle "I"]
[BlackTitle "II"]
[WhiteElo "1927"]
[BlackElo "1514"]

1. e4 d5 2. exd5 Qxd5 3. Nc3 Qd6 4. d4 Nf6 5. Nf3 Bg4 6. h3 Bh5 7. g4 Bg6 8. Ne5
c6 9. Bf4 Qd8 10. h4 Nd5 11. Nxd5 Qxd5 12. f3 f6 13. Bc4 Qa5+ 14. Bd2 Qc7 15.
Nxg6 hxg6 16. Kf2 Nd7 17. Qe2 O-O-O 18. Be6 Kb8 19. Qe4 Nc5 20. dxc5 Rxd2+ 21.
Ke3 f5 22. gxf5 gxf5 23. Qc4 Rg2 24. f4 Rh6 25. Rag1 Rhg6 26. Rxg2 Rxg2 27. Rd1
Rg6 28. Rd7 Qa5 29. c3 a6 30. Kf3 Ka7 31. a4 Rxe6 32. Qb3 Re3+ 33. Kf2 Qxc5 34.
Qxb7# 1-0

[Event "Indywidualne Mistrzostwa Polski Juniorow Mlodszych do 14 lat OOM Podlaskie 2015 "]
[Site "Suwalki"]
[Date "1899-12-30"]
[Round "7.12"]
[White "Miszkielo, Bartosz"]
[Black "Jagura, Norbert"]
[Result "1-0"]
[WhiteTitle "I"]
[BlackTitle "II"]
[WhiteElo "1823"]
[BlackElo "1387"]

1. e4 c6 2. d4 d5 3. Nd2 dxe4 4. Nxe4 Bf5 5. Ng3 Bg6 6. Nh3 h6 7. Nf4 Bh7 8. Bc4
Nf6 9. O-O e6 10. Re1 Nd5 11. Ngh5 Bg8 12. Bxd5 cxd5 13. c4 dxc4 14. d5 b5 15.
Qf3 f6 16. dxe6 Qc7 17. Qxa8 1-0

[Event "Indywidualne Mistrzostwa Polski Juniorow Mlodszych do 14 lat OOM Podlaskie 2015 "]
[Site "Suwalki"]
[Date "1899-12-30"]
[Round "7.13"]
[White "Kaminski, Maciej"]
[Black "Golenia, Jan"]
[Result "1-0"]
[WhiteTitle "II+"]
[BlackTitle "I"]
[WhiteElo "1600"]
[BlackElo "1725"]

1. d4 d5 2. c4 c6 3. Nc3 Nf6 4. Bg5 Nbd7 5. Nf3 h6 6. Bh4 e6 7. e3 Bb4 8. Be2 O-O
9. O-O dxc4 10. Bxc4 b5 11. Bd3 Bb7 12. e4 Be7 13. Qe2 a6 14. e5 Nd5 15. Qe4 g6
16. Bxe7 Nxe7 17. Qf4 Kg7 18. Ne4 c5 19. dxc5 Nd5 20. Qd2 Qc7 21. Nd6 Bc6 22.
b4 Ne7 23. Rfe1 Bxf3 24. gxf3 Nc6 25. f4 f5 26. Bc2 Rg8 27. Rac1 Rad8 28. Bb3
Nf8 29. a4 Qe7 30. axb5 axb5 31. Ra1 Kh7 32. Ra6 Nb8 33. Rb6 g5 34. fxg5 Rxg5+
35. Kf1 Qg7 36. Rb7 Nbd7 37. Re3 Rg1+ 38. Ke2 Qg4+ 39. Rf3 Ra8 40. c6 Ra3 41.
cxd7 Rxb3 42. d8=Q+ Kg8 43. Qxf8+ Kxf8 44. Qxh6+ Qg7 45. Rb8+ Ke7 46. Rb7+ Kf8
47. Rf7+ Kg8 48. Rxg7+ Rxg7 49. Qxe6+ Kh8 50. Rxb3 Rh7 51. Rg3 Rg7 52. Qf6 f4
53. Qxg7# 1-0

[Event "Indywidualne Mistrzostwa Polski Juniorow Mlodszych do 14 lat OOM Podlaskie 2015 "]
[Site "Suwalki"]
[Date "1899-12-30"]
[Round "7.14"]
[White "Modlich, Piotr"]
[Black "Jarzebowski, Kacper"]
[Result "0-1"]
[WhiteTitle "II+"]
[BlackTitle "I"]
[WhiteElo "1665"]
[BlackElo "1660"]

1. e4 c5 2. Nf3 a6 3. d4 cxd4 4. Nxd4 Nf6 5. Nc3 e5 6. Nf3 Bb4 7. Bd3 d5 8. exd5
e4 9. Qe2 O-O 10. Bxe4 Bxc3+ 11. bxc3 Nxe4 12. Qxe4 Re8 13. Ne5 f6 14. O-O Rxe5
15. Qc4 b5 16. Qf4 Qxd5 17. Be3 Bb7 18. f3 Nc6 19. Rfd1 Qe6 20. Bd4 Nxd4 21. cxd4
Re2 22. Rd2 Qe3+ 23. Qxe3 Rxe3 24. Kf2 Rae8 25. d5 R3e5 26. Rad1 Rd8 27. d6 Kf7
28. f4 Re4 29. g3 Ke6 30. f5+ Kd7 31. Rd3 Rde8 32. R1d2 R8e5 33. g4 Rxg4 34. h3
Rg2+ 35. Kf1 Rxd2 36. Rxd2 Rxf5+ 37. Ke1 Re5+ 38. Kf2 Rd5 39. Rxd5 Bxd5 40. Kg3
Bxa2 41. Kh4 Bb1 42. Kg4 Bxc2 43. h4 a5 0-1

[Event "Indywidualne Mistrzostwa Polski Juniorow Mlodszych do 14 lat OOM Podlaskie 2015 "]
[Site "Suwalki"]
[Date "1899-12-30"]
[Round "7.15"]
[White "Ulatowski, Jakub"]
[Black "Laszczak, Przemyslaw"]
[Result "0-1"]
[WhiteTitle "II"]
[BlackTitle "I"]
[WhiteElo "1511"]
[BlackElo "1930"]

1. e4 c6 2. d4 d5 3. Nc3 dxe4 4. Nxe4 Bf5 5. Ng3 Bg6 6. h4 h6 7. Nf3 Nd7 8. h5
Bh7 9. Bd3 Bxd3 10. Qxd3 e6 11. Bd2 a5 12. Ne4 Ngf6 13. Nxf6+ Nxf6 14. Ne5 Bb4
15. O-O-O O-O 16. Kb1 Qd5 17. f3 Rfd8 18. c3 Be7 19. g4 Qxe5 20. dxe5 Rxd3 21.
exf6 Bxf6 22. f4 Rad8 23. Kc2 Rg3 24. Rhg1 Rxg1 25. Rxg1 g5 26. hxg6 fxg6 27.
Rh1 Kg7 28. g5 hxg5 29. fxg5 Be7 30. Bf4 Rd5 31. Re1 Bxg5 32. Bxg5 Rxg5 33. Rxe6
Kf7 34. Re2 Rf5 35. Kd3 Kf6 36. c4 c5 37. Re8 Kg5 38. Re7 b6 39. Re6 Rf6 40. Re1
Rd6+ 41. Kc3 Kh4 42. Rh1+ Kg3 43. Rg1+ Kf2 44. Rg5 Kf3 45. Rd5 Re6 46. a3 Kf4
47. Rd8 g5 48. Rf8+ Kg3 49. Kd3 g4 50. Rg8 Kf3 51. Rd8 g3 52. Rf8+ Kg2 53. Kd2
Kg1 54. Rg8 Kg2 55. Rf8 Re5 56. Rh8 Kf2 57. Rf8+ Kg2 58. Rg8 Kf3 59. Kd1 Re4 60.
Kd2 Rg4 0-1

[Event "Indywidualne Mistrzostwa Polski Juniorow Mlodszych do 14 lat OOM Podlaskie 2015 "]
[Site "Suwalki"]
[Date "1899-12-30"]
[Round "7.16"]
[White "Kokoszczynski, Jan"]
[Black "Stanowski, Mateusz"]
[Result "1-0"]
[WhiteTitle "I+"]
[BlackTitle "II"]
[WhiteElo "1906"]
[BlackElo "1401"]

1. e4 e5 2. Nf3 Nc6 3. Bc4 Bc5 4. c3 Nf6 5. d4 exd4 6. e5 Qe7 7. cxd4 Bb4+ 8. Nc3
d5 9. Bb5 Ne4 10. Qb3 Be6 11. O-O O-O 12. Qc2 Bxc3 13. bxc3 Bg4 14. Ne1 Bh5 15.
f3 Ng5 16. Qa4 Qd8 17. Bxc6 bxc6 18. Qxc6 Ne6 19. Nd3 a5 20. Rf2 Bg6 21. Nc5 Nxc5
22. Qxc5 Qd7 23. Rb2 Bd3 24. Rd2 Bg6 25. Ba3 Rfb8 26. c4 Qa4 27. cxd5 Rb5 28.
Qc3 Rxd5 29. Bc5 Rb8 30. Rb2 Rb5 31. h3 Rd8 32. Re1 Rdb8 33. Rxb5 Rxb5 34. a3
Rb3 35. Qd2 Qb5 36. Qg5 Qb8 37. Qe7 Bf5 38. d5 Rb1 39. Rxb1 Qxb1+ 40. Kh2 Qb8
41. Qg5 Bd7 42. h4 h6 43. Qe3 Qc8 44. Qe2 Qd8 45. Bf2 Qe7 46. Qe3 Kh7 47. Bg3
Qe8 48. Qc3 Qa8 49. Qc5 Kg8 50. Qc4 Qb8 51. e6 fxe6 52. dxe6 Be8 53. Qxc7 Qxc7
54. Bxc7 a4 55. Bd6 Bc6 56. Kg3 g6 57. Kf4 Kg7 58. Ke5 h5 59. Bb4 Bb5 60. g3 Be8
61. Kd6 Kf6 62. Bc3+ Kf5 63. Bd4 g5 64. hxg5 Kxg5 65. Ke5 Bb5 66. f4+ Kg6 67.
f5+ Kg7 68. f6+ Kf8 69. Bc5+ Ke8 70. f7+ 1-0

[Event "Indywidualne Mistrzostwa Polski Juniorow Mlodszych do 14 lat OOM Podlaskie 2015 "]
[Site "Suwalki"]
[Date "1899-12-30"]
[Round "7.17"]
[White "Gaj, Szymon"]
[Black "Modlich, Kacper"]
[Result "0-1"]
[WhiteTitle "I"]
[BlackTitle "II+"]
[WhiteElo "1884"]
[BlackElo "1626"]

1. d4 d5 2. c4 e6 3. Nc3 Nf6 4. cxd5 exd5 5. Bg5 c6 6. Qc2 Be7 7. e3 O-O 8. Bd3
Nbd7 9. Nge2 Re8 10. O-O Nf8 11. f3 g6 12. e4 dxe4 13. fxe4 Ne6 14. Bxf6 Bxf6
15. d5 Nd4 16. Nxd4 Bxd4+ 17. Kh1 Bd7 18. dxc6 Bxc6 19. Bc4 Re7 20. Rad1 Qb6 21.
Rd3 Rd8 22. Rdf3 Red7 23. b3 Qa5 24. Ne2 Bg7 25. Ng3 b5 26. Bxf7+ Rxf7 27. Qxc6
Rxf3 28. gxf3 Qxa2 29. Qxb5 Ra8 30. Qc4+ Kh8 31. Qc7 Bf6 32. Qf7 Bg7 33. Qe7 Rf8
34. Qb7 h6 35. f4 Qd2 36. Qxa7 Rc8 37. Qf2 Qd3 38. Qf3 Qd2 39. Rd1 Qb2 40. f5
gxf5 41. Qxf5 Rf8 42. Qd5 Rf2 43. Qh5 Qxb3 44. Nf5 Qc2 45. Qg4 Rxh2+ 46. Kg1 0-1

[Event "Indywidualne Mistrzostwa Polski Juniorow Mlodszych do 14 lat OOM Podlaskie 2015 "]
[Site "Suwalki"]
[Date "1899-12-30"]
[Round "7.18"]
[White "Brozyna, Mateusz"]
[Black "Pytel, Maciej"]
[Result "1-0"]
[WhiteTitle "II"]
[BlackTitle "I"]
[WhiteElo "1641"]
[BlackElo "1821"]

1. e4 c5 2. Nf3 e6 3. d4 cxd4 4. Nxd4 Nc6 5. Nc3 Qc7 6. Be2 a6 7. O-O Nf6 8. Nxc6
bxc6 9. f4 Bb4 10. Bd3 Bxc3 11. bxc3 Qb6+ 12. Kh1 h5 13. Ba3 h4 14. Qb1 Qxb1 15.
Raxb1 d5 16. e5 Nd7 17. c4 f5 18. cxd5 cxd5 19. c4 Ra7 20. c5 Bb7 21. c6 Bxc6
22. Rfc1 Bb7 23. Rc7 1-0

[Event "Indywidualne Mistrzostwa Polski Juniorow Mlodszych do 14 lat OOM Podlaskie 2015 "]
[Site "Suwalki"]
[Date "1899-12-30"]
[Round "7.19"]
[White "Fus, Jakub"]
[Black "Gorecki, Mateusz"]
[Result "1-0"]
[WhiteTitle "II+"]
[BlackTitle "II"]
[WhiteElo "1821"]
[BlackElo "1529"]

1. d4 d5 2. Nf3 Nf6 3. c4 e6 4. g3 Bb4+ 5. Bd2 Bxd2+ 6. Nbxd2 c6 7. Bg2 O-O 8.
O-O Nbd7 9. Qc2 b6 10. e4 dxe4 11. Nxe4 Qe7 12. Nc3 Bb7 13. Rfe1 h6 14. a3 Rac8
15. b4 Qd6 16. Rad1 Qc7 17. Ne5 a6 18. f4 c5 19. dxc5 bxc5 20. b5 Nb6 21. a4 a5
22. Bxb7 Qxb7 23. Qe2 Nfd7 24. Nc6 Nb8 25. Nxa5 Qa7 26. Nb3 Nxa4 27. Qa2 Nd7 28.
Qxa4 Qxa4 29. Nxa4 Rfd8 30. Nbxc5 Nxc5 31. Rxd8+ Rxd8 32. Nxc5 Rc8 33. b6 1-0

[Event "Indywidualne Mistrzostwa Polski Juniorow Mlodszych do 14 lat OOM Podlaskie 2015 "]
[Site "Suwalki"]
[Date "1899-12-30"]
[Round "7.20"]
[White "Banach, Jakub"]
[Black "Marciniak, Piotr"]
[Result "1-0"]
[WhiteTitle "II"]
[BlackTitle "III"]
[WhiteElo "1392"]
[BlackElo "1297"]

1. e4 c5 2. Nf3 e6 3. d4 cxd4 4. Nxd4 a6 5. Bd3 Qc7 6. O-O b5 7. a4 b4 8. b3 Bb7
9. Bb2 Nf6 10. Nd2 Be7 11. Qe2 Nc6 12. Nxc6 dxc6 13. Nc4 O-O 14. Be5 Qd8 15. a5
Nd7 16. Bb2 Qc7 17. f4 c5 18. Nd2 e5 19. Qg4 Bf6 20. f5 Rad8 21. Qe2 Ra8 22. Nf3
Qd8 23. Rfd1 Qe7 24. Bc4 Rfd8 25. Rd3 Nf8 26. Rxd8 Qxd8 27. Bxe5 Bxe5 28. Nxe5
Qf6 29. Qh5 Qxe5 30. Qxf7+ Kh8 31. Qg8# 1-0

[Event "Indywidualne Mistrzostwa Polski Juniorow Mlodszych do 14 lat OOM Podlaskie 2015 "]
[Site "Suwalki"]
[Date "1899-12-30"]
[Round "7.21"]
[White "Jobda, Rafal"]
[Black "Mietkiewicz, Jacek"]
[Result "0-1"]
[WhiteTitle "II"]
[BlackTitle "II+"]
[WhiteElo "1640"]
[BlackElo "1505"]

1. e4 e6 2. d4 d5 3. Nd2 Nf6 4. e5 Nfd7 5. Bd3 c5 6. c3 Nc6 7. Ne2 cxd4 8. cxd4
f6 9. exf6 Qxf6 10. Nf3 h6 11. Ng3 Bd6 12. O-O O-O 13. a3 e5 14. dxe5 Ndxe5 15.
Be2 Be6 16. Rb1 Rad8 17. b4 Nxf3+ 18. Bxf3 Nd4 19. Be2 Nxe2+ 20. Qxe2 Rfe8 21.
Qd2 Be5 22. Bb2 d4 23. Rfe1 Bd5 24. Rbd1 Bb3 25. Rb1 b5 26. Ne2 d3 27. Ng3 Bc4
28. Bxe5 Rxe5 29. Rxe5 Qxe5 30. Re1 Qd4 31. Ne4 Kh7 32. Nc5 Rd6 33. h3 Rg6 34.
Kh2 Bd5 35. f3 Qh4 36. Rf1 Qg3+ 37. Kh1 Bc4 38. Ne4 Qe5 39. Rc1 Ra6 40. Nc5 Rxa3
41. Re1 Qg3 42. Qe3 Ra2 43. Qe4+ Kh8 44. Rg1 d2 45. Rd1 Qf2 46. Qe8+ Bg8 47. Kh2
Qd4 48. Qxb5 Qe5+ 49. Kh1 Ra1 50. Qf1 Rxd1 51. Qxd1 Qe1+ 0-1

[Event "Indywidualne Mistrzostwa Polski Juniorow Mlodszych do 14 lat OOM Podlaskie 2015 "]
[Site "Suwalki"]
[Date "1899-12-30"]
[Round "7.22"]
[White "Zolkiewski, Jakub"]
[Black "Wloch, Mikolaj"]
[Result "1-0"]
[WhiteTitle "II"]
[BlackTitle "I"]
[WhiteElo "1609"]
[BlackElo "1564"]

1. d4 d5 2. c4 c6 3. Nf3 Nf6 4. g3 e6 5. Bg2 Be7 6. O-O O-O 7. Qc2 Nbd7 8. Nbd2
b6 9. Re1 Bb7 10. e4 dxe4 11. Nxe4 Nxe4 12. Qxe4 Nf6 13. Qe2 Rc8 14. b3 Bb4 15.
Rd1 Qe7 16. Bb2 Rfd8 17. a3 Bd6 18. b4 c5 19. dxc5 bxc5 20. b5 Bc7 21. Ne5 Bxg2
22. Kxg2 Bxe5 23. Bxe5 Qb7+ 24. f3 Nd7 25. Bc3 e5 26. Rd2 Re8 27. Qd3 Nf6 28.
Qf1 Ng4 29. Kg1 Nh6 30. Re1 f6 31. Qd3 Rcd8 32. Qe4 Qxe4 33. fxe4 Rxd2 34. Bxd2
Rd8 35. Be3 Rc8 36. Bxh6 gxh6 37. Rd1 Rc7 38. Kf2 Kf7 39. a4 Ke6 40. Rd5 h5 41.
Kf3 Ke7 42. Ke3 Ke6 43. Kd3 Rd7 44. Rxd7 Kxd7 45. Ke3 Kc7 46. a5 Kd6 47. Kf3 Ke6
48. b6 axb6 49. a6 1-0

[Event "Indywidualne Mistrzostwa Polski Juniorow Mlodszych do 14 lat OOM Podlaskie 2015 "]
[Site "Suwalki"]
[Date "1899-12-30"]
[Round "7.23"]
[White "Gozdzicki, Maciej"]
[Black "Rak, Maciej"]
[Result "1/2-1/2"]
[WhiteTitle "II"]
[BlackTitle "II"]
[WhiteElo "1443"]
[BlackElo "1476"]

1. d4 d5 2. c4 e6 3. Nc3 Nf6 4. Bg5 Be7 5. e3 O-O 6. Nf3 h6 7. Bh4 b6 8. Bxf6 Bxf6
9. cxd5 exd5 10. Rc1 Bb7 11. Be2 Nd7 12. O-O c6 13. Qd2 Be7 14. a3 Re8 15. Rfd1
Bd6 16. Qe1 Nf6 17. Qf1 a5 18. Rc2 Kh8 19. Na2 Qe7 20. Nc1 Kg8 21. Nd3 Rab8 22.
Nde5 c5 23. Bb5 Rec8 24. Rdc1 c4 25. g3 Rc7 26. Qg2 Ne4 27. h4 c3 28. bxc3 Bxa3
29. Ra1 Bb4 30. Nd7 Nxc3 31. Nxb8 Nxb5 32. Rxc7 Qxc7 33. Qf1 Nd6 34. Na6 Qc4 35.
Nxb4 axb4 36. Ne5 Qxf1+ 37. Kxf1 Nc4 38. Nxc4 dxc4 39. Ke1 Be4 40. Ra6 b5 41.
Rb6 b3 42. Rxb5 Bd3 43. Kd2 Bf1 44. Kc3 Kf8 45. Re5 Bd3 46. d5 f6 47. Re6 Kf7
48. Rb6 Ke7 49. Rxb3 cxb3 50. Kxd3 f5 51. f3 g5 52. hxg5 hxg5 53. Kc3 Kd6 54.
e4 g4 55. f4 fxe4 56. Kxb3 Kxd5 57. Kc3 Kc5 58. Kd2 Kd4 59. Ke2 e3 60. f5 Ke5
61. Kxe3 Kxf5 62. Kd4 Kf6 63. Ke4 Ke6 64. Kf4 Kf6 65. Kxg4 Kg6 66. Kf4 Kf6 67.
g4 Kg6 68. g5 Kg7 69. Kg3 Kg6 70. Kg4 Kg7 71. Kh5 Kh7 72. g6+ Kg7 73. Kg5 Kg8
74. g7 Kxg7 1/2-1/2

[Event "Indywidualne Mistrzostwa Polski Juniorow Mlodszych do 14 lat OOM Podlaskie 2015 "]
[Site "Suwalki"]
[Date "1899-12-30"]
[Round "8.1"]
[White "Gumularz, Szymon"]
[Black "Kosakowski, Jakub"]
[Result "1/2-1/2"]
[WhiteTitle "I++"]
[BlackTitle "k"]
[WhiteElo "2305"]
[BlackElo "2186"]

1. Nf3 Nf6 2. c4 c5 3. d4 cxd4 4. Nxd4 Nc6 5. Nc3 e6 6. Ndb5 d6 7. e4 a6 8. Na3
Be7 9. Be2 O-O 10. O-O b6 11. Be3 Bb7 12. Rc1 Ne5 13. f3 Qc7 14. Qb3 Ned7 15.
Rfd1 Rac8 16. Rd2 Rfe8 17. Bf2 d5 18. exd5 exd5 19. Rcd1 Bc5 20. Bf1 Bxf2+ 21.
Rxf2 Nc5 22. Qc2 Qf4 23. Qd2 Qf5 24. Nxd5 Nxd5 25. cxd5 Red8 26. d6 b5 27. Qb4
Qg6 28. Rc1 Qxd6 29. Rfc2 Qb6 30. Kh1 Ne6 31. Rxc8 Rxc8 32. Rxc8+ Bxc8 33. Nc2
Qc5 34. Ne3 Bb7 35. b3 Qd4 36. Qxd4 Nxd4 37. Bd3 Kf8 38. Kg1 Ke7 39. Kf2 Kd6 40.
b4 g6 1/2-1/2

[Event "Indywidualne Mistrzostwa Polski Juniorow Mlodszych do 14 lat OOM Podlaskie 2015 "]
[Site "Suwalki"]
[Date "1899-12-30"]
[Round "8.2"]
[White "Kowalski, Igor"]
[Black "Chylewski, Patryk"]
[Result "1/2-1/2"]
[WhiteTitle "k"]
[BlackTitle "I++"]
[WhiteElo "2084"]
[BlackElo "2036"]

1. d4 Nf6 2. c4 g6 3. Nc3 d5 4. Nf3 Bg7 5. Qb3 dxc4 6. Qxc4 O-O 7. e4 Nc6 8. Be2
Bg4 9. d5 Na5 10. Qb4 Bxf3 11. Bxf3 c6 12. O-O Qb6 13. Qxb6 axb6 14. Bf4 cxd5
15. exd5 Nc4 16. b3 Nd6 17. Bxd6 exd6 18. Rac1 Rfc8 19. Nb5 Ne8 20. a4 Kf8 21.
Bg4 f5 22. Bf3 Bb2 23. Rcd1 Rc5 24. Rd2 Bf6 25. Be2 Rd8 26. Bc4 Nc7 27. Nxc7 Rxc7
28. Re2 Re8 29. Rfe1 Rxe2 30. Rxe2 Re7 31. Kf1 Rxe2 32. Kxe2 Bd4 33. f4 Ke7 34.
Kf3 Bc5 35. g4 fxg4+ 36. Kxg4 h6 37. Kf3 Bb4 38. Bf1 Bc5 39. Bh3 b5 40. axb5 b6
41. Be6 Kf6 42. h3 Bd4 43. Ke4 Bc5 44. Kf3 Bd4 45. Ke4 Bc5 46. Kf3 1/2-1/2

[Event "Indywidualne Mistrzostwa Polski Juniorow Mlodszych do 14 lat OOM Podlaskie 2015 "]
[Site "Suwalki"]
[Date "1899-12-30"]
[Round "8.3"]
[White "Nowak, Mikolaj"]
[Black "Woloch, Oskar"]
[Result "1-0"]
[WhiteTitle "I"]
[BlackTitle "k"]
[WhiteElo "1939"]
[BlackElo "2110"]

1. f4 d5 2. Nf3 g6 3. g3 Bg7 4. Bg2 Nf6 5. d3 O-O 6. O-O c5 7. Qe1 Nc6 8. e4 dxe4
9. dxe4 Bg4 10. e5 Nd5 11. c3 Qc7 12. Nbd2 Rfd8 13. Ne4 Na5 14. b3 Rac8 15. Bd2
c4 16. b4 Nc6 17. h3 Bd7 18. a4 f6 19. Qe2 fxe5 20. Qxc4 e6 21. Kh1 exf4 22. Rae1
Nce7 23. Qd3 Qc4 24. Qb1 Nf5 25. Nfg5 h6 26. g4 Nfe3 27. Nd6 Qc7 28. Nxc8 Nxf1
29. Bxd5 Nxd2 30. Ne7+ Kf8 31. Nxe6+ Bxe6 32. Nxg6+ Ke8 33. Rxe6+ Kd7 34. Qf5
Kc8 35. Re7+ Rd7 36. Re8+ Qd8 37. Rxd8+ 1-0